000 00700nam a2200193Ii 4500
003 JO-AjNU
008 230605s9999||||xx |||||||||||||| ||und||
040 _aJO-AjNU
_bara
_erda
_cJO-AjNU
041 _aara
050 1 4 _aPJ7542.Q3.J32 2007
100 3 _aتاليف الجدع، احمد,
_eauthor
_910916
245 0 0 _aأشهر القصائد العربية المعاصرة قصائد لها تاريخ، ج2
264 3 1 _aعمان: دار الضياء للنشر والتوزيع، 2007
300 _aج2، 196ص
336 _atext
_btxt
_2rdacontent
337 _aunmediated
_bn
_2rdamedia
338 _avolume
_bnc
_2rdacarrier
650 4 _aالقصائد العربية-تاريخ-شعر
_910917
999 _aA2054
_c5622
_d5622